000 02188nam0a2200409 4500
001 RU\NLR\bibl\977979
005 20260407082050.0
021 _aRU
_b2006-36805
_91847
035 _a(nilc)RSL-KNO-002896164
035 _a(NLR Aleph) 000965898
090 _a368759
_c368759
100 _a20060615d2006 |||y0rusy50 ca
101 0 _arus
102 _aRU
105 _ay |||||||||
106 _ar
200 1 _aКонкурентоспособность России в условиях глобализации
_e[сборник]
_fРос. акад. гос. службы при Президенте Рос. Федерации, Счет. палата Рос. Федерации, Ин-т стратег. оценок и анализа
_gпод общ. ред. д.филос.н., проф. В.К. Егорова, д.ю.н., проф. С.В. Степашина
210 _aМосква
_cИзд-во РАГС
_d2006
_eМ.
_gОП ИЦ РАГС
215 _a445 с.
_cил., табл.
_d20
320 _aБиблиогр. в подстроч. прим.
606 1 _aКонкурентоспособность
_jСъезды, совещания и т.п.
_yРоссийская Федерация
_92089353
_3RU\NLR\auth\661264758
606 1 _aМировое хозяйство
_jСъезды, совещания и т.п.
_xГлобализация
_92086980
_3RU\NLR\auth\661263131
610 0 _aЭкономика -- Российская Федерация -- Материалы конференции
610 0 _aконкурентоспособнось
610 0 _aглобализация
686 _aУ9(2)я431(2)
_2rubbk
686 _aУ9(2)-13(2Р)я431
686 _aУ58я431
702 1 _4340
_8rus
_7ca
_aЕгоров
_bВ. В.
_cд-р филос. наук, мемуарист
_f1958-
_gВадим Владимирович
_3RU\NLR\AUTH\7725413
_98461
712 0 2 _4570
_aРоссийская академия государственной службы
_3RU\NLR\AUTH\887664
_9287515
801 0 _aRU
_bРКП
_c20060615
_grcr
801 1 _aRU
_bРГБ
_c20060615
801 2 _aRU
_bNLR
_c20060824
_grcr
942 _cBOOK
980 _aNB